<?xml version="1.0" encoding="UTF-8"?><?xml-stylesheet type="text/xsl" href="static/style.xsl"?><OAI-PMH xmlns="http://www.openarchives.org/OAI/2.0/" xmlns:xsi="http://www.w3.org/2001/XMLSchema-instance" xsi:schemaLocation="http://www.openarchives.org/OAI/2.0/ http://www.openarchives.org/OAI/2.0/OAI-PMH.xsd"><responseDate>2026-06-07T08:33:27Z</responseDate><request verb="GetRecord" identifier="oai:recam.amb.cat:20.500.14439/4922" metadataPrefix="marc">https://recam.amb.cat/rest/oai/request</request><GetRecord><record><header><identifier>oai:recam.amb.cat:20.500.14439/4922</identifier><datestamp>2026-06-03T23:45:16Z</datestamp><setSpec>com_20.500.14439_2618</setSpec><setSpec>com_20.500.14439_1</setSpec><setSpec>col_20.500.14439_2624</setSpec></header><metadata><record xmlns="http://www.loc.gov/MARC21/slim" xmlns:dcterms="http://purl.org/dc/terms/" xmlns:xsi="http://www.w3.org/2001/XMLSchema-instance" xmlns:doc="http://www.lyncode.com/xoai" xsi:schemaLocation="http://www.loc.gov/MARC21/slim http://www.loc.gov/standards/marcxml/schema/MARC21slim.xsd">
   <leader>00925njm 22002777a 4500</leader>
   <datafield ind2=" " ind1=" " tag="042">
      <subfield code="a">dc</subfield>
   </datafield>
   <datafield ind2=" " ind1=" " tag="720">
      <subfield code="a">Institut Metròpoli</subfield>
      <subfield code="e">author</subfield>
   </datafield>
   <datafield ind2=" " ind1=" " tag="260">
      <subfield code="c">2025-04-01</subfield>
   </datafield>
   <datafield ind2=" " ind1=" " tag="520">
      <subfield code="a">L’objectiu de l’informe és conèixer les característiques bàsiques de la mobilitat endia feiner (de dilluns a divendres no festius) de l’any 2024, de la població resident a l’àmbit territorial del Sistema Integrat de Mobilitat Metropolitana de Barcelona (SIMMB) de 16 i més anys. Aquest informe es divideix en cinc parts: 1) L’evolució dels principals resultats. Actualització de la sèrie històrica de dades de l’EMEF per al SIMMB (2019-2024) i per a l’RMB (2014-2024). 2) La mobilitat en dia feiner al SIMMB. Anàlisi de la mobilitat i la dimensió subjectiva de les persones residents en aquest àmbit. L’anàlisi de la dimensió subjectiva ha estat: Anàlisi que fa referència al conjunt de l’operació, dades del 2024. Són preguntes que s’han fet en les dues onades. Anàlisi en el que es poden comparar les dades entre les dues onades, ja que fan referència a moments temporals diferents. 3) La mobilitat en dia feiner a l’RMB. S’analitzen els fluxos de les persones residents al SIMMB que fan a l’RMB. 4) La mobilitat en dia feiner a l’AMB. S’analitzen els fluxos de les persones residents al SIMMB que es fan a l’AMB. 5) La mobilitat en dia feiner a Barcelona ciutat. S’analitzen els fluxos de les persones residents a l‘SIMMB que es fan a Barcelona.</subfield>
   </datafield>
   <datafield ind1="8" ind2=" " tag="024">
      <subfield code="a">https://hdl.handle.net/20.500.14439/4922</subfield>
   </datafield>
   <datafield tag="653" ind2=" " ind1=" ">
      <subfield code="a">Mobilitat sostenible</subfield>
   </datafield>
   <datafield tag="653" ind2=" " ind1=" ">
      <subfield code="a">Transport urbà</subfield>
   </datafield>
   <datafield ind2="0" ind1="0" tag="245">
      <subfield code="a">Enquesta de mobilitat en dia feiner: EMEF, 2024</subfield>
   </datafield>
</record></metadata></record></GetRecord></OAI-PMH>